000 00834am a2200277a 44500
003 AR-BaBNM
005 20251128210706.0
008 161020s1989 #AR|||||||||||000 | esp||
020 _a84-85370-59-7
040 _cAR-BaBNM
100 1 _aCarlgren, Frans
245 1 0 _aUna educación hacia la libertad. La pedagogía de Rudolf Steiner
_binformes del Movimiento Internacional de la Escuelas Waldorf
260 _aMadrid
_bRudolf Steiner
_c1989
300 _a415 p.
504 _aContiene referencias bibliográficas
600 1 4 _aSteiner, Rudolf
650 4 _aFILOSOFIA DE LA EDUCACION
650 4 _aTEORIAS DE LA EDUCACION
653 _aPEDAGOGOS
653 _aESTRATEGIAS EDUCATIVAS
653 _aEXPERIENCIAS EDUCATIVAS
653 _aPEDAGOGIA WALDORF
653 _aANTROPOSOFIA
942 _cBK
998 _cRAQUEL
999 _c16469
_d16469